Statistics for Alternate Country Names

Click here to take the quiz!

General Stats

  • This quiz has been taken 48 times
    (19 since last reset)
  • The average score is 17 of 30

Answer Stats

Alternate nameActual name% Correct
SiamThailand
100%
PersiaIran
88%
MesopotamiaIraq
88%
EireIreland
88%
BurmaMyanmar
88%
CeylonSri Lanka
88%
ZaireD.R. of the Congo
81%
KampucheaCambodia
75%
SuomiFinland
75%
HellasGreece
75%
NipponJapan
75%
SverigeSweden
69%
AbyssiniaEthiopia
63%
ZhōngguóChina
56%
MagyarHungary
56%
AotearoaNew Zealand
56%
HrvatskaCroatia
50%
BasutolandLesotho
50%
HelvetiaSwitzerland
50%
FormosaTaiwan
50%
New HollandAustralia
44%
DahomeyBenin
44%
AlbionUnited Kingdom
44%
ShqipëriaAlbania
38%
HayastanArmenia
38%
NyasalandMalawi
25%
LechiaPoland
25%
ChosŏnNorth Korea
19%
HangukSouth Korea
19%
MiṣrEgypt
13%

Score Distribution

Percentile by Number Answered

Percent of People with Each Score

Your Score History

You have not taken this quiz since the last reset